| 000 | 00389nam a2200169Ia 4500 | ||
|---|---|---|---|
| 008 | 230524s9999 xx 000 0 und d | ||
| 020 | _a9789385039041 | ||
| 082 | _bRAN | ||
| 100 | _aS.C.Rangwala | ||
| 245 | 0 | _aBuilding Construction | |
| 250 | _a33 | ||
| 260 |
_aMumbai _bCharotar _c2015 |
||
| 300 | _a"XVI,752p;" | ||
| 500 | _aQuantity Number: 6 | ||
| 650 | _aCivil | ||
| 942 | _cBK | ||
| 999 |
_c57235 _d57235 |
||